[Event "NSV Open-ch Rapid 2019"]
[Site "Lueneburg"]
[Date "2019.08.03"]
[Round "2.16"]
[White "Egelriede, Nikolas"]
[Black "Mundt, Alexandra"]
[Result "1-0"]
[WhiteElo "1865"]
[BlackElo "1756"]
[Annotator "NA RC"]
[PlyCount "93"]
[EventDate "2019.08.03"]
[EventType "swiss"]
[EventCountry "GER"]
[SourceTitle "playchess.com"]
[Source "ChessBase"]
[SourceQuality "1"]
[TimeControl "600+5"]

1. e4 {[%emt 0:00:00]} e5 {[%emt 0:00:00]} 2. Nf3 {[%emt 0:00:00]} Nf6 {[%emt 0:00:00]} 3. Nc3 {[%emt 0:00:00]} Bb4 {[%emt 0:00:00]} 4. Nd5 {[%emt 0:00:04]} Nxd5 {[%emt 0:00:01]} 5. exd5 {[%emt 0:00:02]} d6 {[%emt 0:00:01]} 6. Be2 {[%emt 0:00:18]} O-O {[%emt 0:00:02]} 7. O-O {[%emt 0:00:03]} Nd7 {[%emt 0:00:05]} 8. a4 {[%emt 0:00:13]} a5 {[%emt 0:00:13]} 9. c3 {[%emt 0:00:23]} Bc5 {[%emt 0:00:02]} 10. d4 {[%emt 0:00:15]} exd4 {[%emt 0:00:02]} 11. Nxd4 {[%emt 0:00:16]} Re8 {[%emt 0:00:38]} 12. Be3 {[%emt 0:00:17]} Nb6 {[%emt 0:02:52]} 13. Bf3 {[%emt 0:00:26]} Nc4 {[%emt 0:00:16]} 14. Qc1 {[%emt 0:00:57]} Bd7 {[%emt 0:01:28]} 15. Bg5 {[%emt 0:00:58]} Qc8 {[%emt 0:00:27]} 16. b3 {[%emt 0:00:49]} Ne5 {[%emt 0:00:05]} 17. Bd1 {[%emt 0:00:27]} h6 {[%emt 0:00:29]} 18. Bh4 {[%emt 0:00:15]} Ng6 {[%emt 0:01:27]} 19. Bg3 {[%emt 0:00:05]} Bxd4 {[%emt 0:00:14]} 20. cxd4 {[%emt 0:00:05]} b5 {[%emt 0:00:04]} 21. Bc2 {[%emt 0:00:15]} Ne7 {[%emt 0:00:57]} 22. Qd2 {[%emt 0:01:11]} Nxd5 {[%emt 0:00:15]} 23. Qd3 {[%emt 0:00:47]} Nf6 {[%emt 0:00:49]} 24. Bh4 {[%emt 0:01:10]} g5 {[%emt 0:00:01]} 25. Bg3 {[%emt 0:00:03]} bxa4 {[%emt 0:00:58]} 26. bxa4 {[%emt 0:00:17]} Qa6 {[%emt 0:00:01]} 27. Qf3 {[%emt 0:00:16]} Kg7 {[%emt 0:00:02]} 28. h4 {[%emt 0:00:19]} Qc6 {[%emt 0:00:07]} 29. Qd1 {[%emt 0:00:22]} Rab8 {[%emt 0:00:20]} 30. hxg5 {[%emt 0:00:07]} hxg5 {[%emt 0:00:01]} 31. Qd2 {[%emt 0:00:10]} Qd5 {[%emt 0:00:07]} 32. Rab1 {[%emt 0:00:28]} Bc6 {[%emt 0:00:08]} 33. f3 {[%emt 0:00:07]} Rxb1 {[%emt 0:00:04]} 34. Rxb1 {[%emt 0:00:12]} g4 {[%emt 0:00:15]} 35. Bd1 {[%emt 0:00:35]} Qe6 {[%emt 0:00:15]} 36. Qxa5 {[%emt 0:00:15]} Qe3+ {[%emt 0:00:03]} 37. Bf2 {[%emt 0:00:04]} Qd3 {[%emt 0:00:08]} 38. Qg5+ {[%emt 0:00:13]} Kf8 {[%emt 0:00:01]} 39. Rc1 {[%emt 0:00:08]} Nh7 {[%emt 0:00:04]} 40. Qh6+ {[%emt 0:00:04]} Ke7 {[%emt 0:00:02]} 41. Bh4+ {[%emt 0:00:08]} Kd7 {[%emt 0:00:01]} 42. Bc2 {[%emt 0:00:12]} Qe2 {[%emt 0:00:04]} 43. Qxh7 {[%emt 0:00:11]} Bd5 {[%emt 0:00:11]} 44. Bf5+ {[%emt 0:00:03]} Be6 {[%emt 0:00:01]} 45. Bxe6+ {[%emt 0:00:01]} Rxe6 {[%emt 0:00:01]} 46. Qxf7+ {[%emt 0:00:02]} Kc8 {[%emt 0:00:02]} 47. Qxc7# {[%emt 0:00:22]} 1-0

[Event "NSV Open-ch Rapid 2019"]
[Site "Lueneburg"]
[Date "2019.08.03"]
[Round "2.18"]
[White "Wirries, Frank-Michael"]
[Black "Martinez Martin, David"]
[Result "1-0"]
[WhiteElo "1858"]
[BlackElo "2388"]
[Annotator "TA"]
[PlyCount "63"]
[EventDate "2019.08.03"]
[EventType "swiss"]
[EventCountry "GER"]
[SourceTitle "playchess.com"]
[Source "ChessBase"]
[SourceQuality "1"]

{[%evp 12,63,18,12,62,70,63,59,66,58,62,60,252,275,533,374,369,357,457,297,402,416,415,391,372,307,404,380,450,452,443,441,455,412,393,323,741,725,1218,666,610,404,370,-519,2462,2552,29985,29986,29993,29994,29997,29998,29998,29999]} 1. e4 e5 2. Nc3 Bc5 3. Bc4 Nf6 4. d3 Nc6 5. f4 d6 6. Nf3 Bg4 7. Na4 Bb4+ {C30: King's Gambit Declined} (7... Bxf3 8. Qxf3 Nd4 9. Qd1 b5 10. fxe5 bxc4 11. exf6 Qxf6 12. Nxc5 dxc5 13. c3 Nc6 14. dxc4 Ne5 15. Be3 O-O 16. Qe2 Rad8 {0-1 (25) Ponomariov,R (2712)-Tomashevsky,E (2728) Huaian 2016}) 8. c3 Ba5 9. b4 {[%cal Bb2b4,Bb4b5][%mdl 32]} Bb6 $1 {White is slightly better.} 10. Nxb6 axb6 11. O-O Nh5 $146 (11... O-O $14) ({Predecessor:} 11... O-O 12. h3 Bh5 13. g4 Bg6 14. f5 Qe8 15. fxg6 hxg6 {1-0 (30) Handler,A (1759)-Orgilmunkh,T San Francisco 2016}) 12. Bxf7+ $18 Kd7 $2 (12... Kxf7 13. Ng5+ {[%mdl 64] Discovered Attack} Ke8 14. Qxg4 Nf6 15. Qe6+ Qe7 16. fxe5 dxe5) 13. Bxh5 Bxh5 14. b5 Ne7 15. fxe5 Bxf3 16. Qxf3 {And now Qg4+ would win.} Kc8 17. e6 Ng6 18. d4 Kb8 19. Qg4 Rf8 {Now ...Rxf1+ and Black clings on.} 20. Bg5 Qe8 21. Rxf8 Nxf8 22. e7 Ng6 23. Qe6 Ra3 $2 (23... h6) 24. Rf1 Rxc3 25. Rf7 Ka7 26. Rxg7 {Threatens to win with Rg8.} Qxb5 27. h3 $4 {[%mdl 8192]} (27. e8=Q Qb1+ 28. Kf2 Rc2+ 29. Kg3 Qe1+ 30. Kh3 Rc3+ 31. Kg4 Qe2+ 32. Kf5 Qf2+ {[%mdl 64] Double Attack} 33. Kg4 Qxg2+ {[%mdl 64] Double Attack} 34. Kh5 Qxh2+ 35. Qh3 Qxh3+ 36. Bh4 Qxh4#) (27. h4 $18 Qe2 28. Kh2 (28. e8=Q Qe1+ {[%mdl 64] Double Attack} 29. Kh2 Qg3+ 30. Kh1 Qe1+ 31. Kh2 Qg3+ 32. Kh1 Qe1+ 33. Kh2 $11) (28. Rxg6 Rg3 $15)) 27... Rc1+ $4 {[%mdl 8192]} (27... Qxg5 $19 28. Qg4 (28. e8=Q $2 {is a self mate.} Rc1+ 29. Kh2 Qf4+ 30. g3 Qf2#) (28. Rxg6 {leads to mate.} Qc1+ 29. Kh2 Qf4+ 30. g3 Qf2+ {[%mdl 64] Double Attack} 31. Kh1 Rc1#) 28... Qe3+ {[%mdl 64] Double Attack} 29. Kh2 {[#]} Nxe7 $1 {[%mdl 512]}) 28. Bxc1 Qb1 29. Qc4 {White mates.} b5 30. Qxc7 Qxe4 31. Qa5+ {[%mdl 64] [#] Double Attack} Kb8 32. Rg8+ {Accuracy: White = 58%, Black = 20%.} 1-0

[Event "NSV Open-ch Rapid 2019"]
[Site "Lueneburg"]
[Date "2019.08.03"]
[Round "2.19"]
[White "Serrer, David"]
[Black "Kotyk, Michael"]
[Result "0-1"]
[WhiteElo "1516"]
[BlackElo "1998"]
[Annotator "NA RC"]
[PlyCount "82"]
[EventDate "2019.08.03"]
[EventType "swiss"]
[EventCountry "GER"]
[SourceTitle "playchess.com"]
[Source "ChessBase"]
[SourceQuality "1"]
[TimeControl "600+5"]

1. e4 {[%emt 0:00:00]} e5 {[%emt 0:00:00]} 2. Nf3 {[%emt 0:00:00]} Nc6 {[%emt 0:00:00]} 3. Bc4 {[%emt 0:00:03]} Bc5 {[%emt 0:00:00]} 4. d3 {[%emt 0:00:11]} Nf6 {[%emt 0:00:02]} 5. O-O {[%emt 0:00:04]} O-O {[%emt 0:00:04]} 6. a3 {[%emt 0:00:03]} d6 {[%emt 0:00:05]} 7. Be3 {[%emt 0:00:04]} Bb6 {[%emt 0:00:18]} 8. Nbd2 {[%emt 0:00:04]} Ne7 {[%emt 0:00:06]} 9. h3 {[%emt 0:00:02]} Ng6 {[%emt 0:00:03]} 10. Nh2 {[%emt 0:00:54]} Bxe3 {[%emt 0:00:25]} 11. fxe3 {[%emt 0:00:01]} d5 {[%emt 0:00:01]} 12. exd5 {[%emt 0:00:24]} Nxd5 {[%emt 0:00:01]} 13. Bxd5 {[%emt 0:00:19]} Qxd5 {[%emt 0:00:03]} 14. Qf3 {[%emt 0:00:04]} Qxf3 {[%emt 0:00:24]} 15. Nhxf3 {[%emt 0:00:16]} f5 {[%emt 0:00:04]} 16. e4 {[%emt 0:00:05]} f4 {[%emt 0:00:09]} 17. Nc4 {[%emt 0:00:07]} Re8 {[%emt 0:00:05]} 18. Rfe1 {[%emt 0:00:41]} b5 {[%emt 0:00:18]} 19. Na5 {[%emt 0:00:31]} Bd7 {[%emt 0:00:04]} 20. Nb3 {[%emt 0:00:52]} h6 {[%emt 0:00:18]} 21. Rac1 {[%emt 0:00:19]} Be6 {[%emt 0:00:28]} 22. Nc5 {[%emt 0:00:33]} Bf7 {[%emt 0:00:03]} 23. c4 {[%emt 0:00:14]} bxc4 {[%emt 0:00:06]} 24. dxc4 {[%emt 0:00:04]} Red8 {[%emt 0:00:04]} 25. b4 {[%emt 0:00:29]} Kf8 {[%emt 0:00:18]} 26. Rcd1 {[%emt 0:01:19]} Ke7 {[%emt 0:00:02]} 27. Nb7 {[%emt 0:00:44]} Rxd1 {[%emt 0:00:14]} 28. Rxd1 {[%emt 0:00:02]} Be8 {[%emt 0:00:41]} 29. c5 {[%emt 0:00:41]} Bc6 {[%emt 0:00:06]} 30. Na5 {[%emt 0:00:11]} Bxe4 {[%emt 0:00:02]} 31. Re1 {[%emt 0:00:06]} Bxf3 {[%emt 0:00:02]} 32. gxf3 {[%emt 0:00:02]} Ke6 {[%emt 0:00:08]} 33. Rd1 {[%emt 0:00:19]} Ne7 {[%emt 0:00:12]} 34. Nc4 {[%emt 0:00:39]} g5 {[%emt 0:00:03]} 35. Re1 {[%emt 0:00:18]} Ng6 {[%emt 0:00:01]} 36. Rd1 {[%emt 0:00:15]} h5 {[%emt 0:00:14]} 37. Kf2 {[%emt 0:00:32]} g4 {[%emt 0:00:16]} 38. hxg4 {[%emt 0:00:16]} hxg4 {[%emt 0:00:01]} 39. fxg4 {[%emt 0:00:35]} e4 {[%emt 0:00:01]} 40. Re1 {[%emt 0:00:14]} Kd5 {[%emt 0:00:02]} 41. Nd2 {[%emt 0:00:03]} e3+ {[%emt 0:00:04]} 0-1

[Event "NSV Open-ch Rapid 2019"]
[Site "Lueneburg"]
[Date "2019.08.03"]
[Round "2.20"]
[White "Britsch, Benjamin"]
[Black "Rick, Niklas Corvin"]
[Result "1-0"]
[WhiteElo "1835"]
[BlackElo "1444"]
[Annotator "NA RC"]
[PlyCount "35"]
[EventDate "2019.08.03"]
[EventType "swiss"]
[EventCountry "GER"]
[SourceTitle "playchess.com"]
[Source "ChessBase"]
[SourceQuality "1"]
[TimeControl "600+5"]

1. d4 {[%emt 0:00:00]} d5 {[%emt 0:00:00]} 2. Bg5 {[%emt 0:00:00]} Bf5 {[%emt 0:00:16]} 3. e3 {[%emt 0:00:07]} Nf6 {[%emt 0:00:09]} 4. c4 {[%emt 0:00:08]} e6 {[%emt 0:00:03]} 5. Nc3 {[%emt 0:00:21]} Be7 {[%emt 0:00:14]} 6. Qb3 {[%emt 0:00:35]} Qc8 {[%emt 0:00:42]} 7. cxd5 {[%emt 0:00:15]} exd5 {[%emt 0:00:52]} 8. Bxf6 {[%emt 0:00:27]} Bxf6 {[%emt 0:00:21]} 9. Nxd5 {[%emt 0:00:03]} Bd8 {[%emt 0:00:24]} 10. Nc3 {[%emt 0:00:46]} Nc6 {[%emt 0:00:28]} 11. Bb5 {[%emt 0:00:15]} Qd7 {[%emt 0:00:28]} 12. d5 {[%emt 0:00:18]} O-O {[%emt 0:07:03]} 13. dxc6 {[%emt 0:00:15]} bxc6 {[%emt 0:00:00]} 14. Be2 {[%emt 0:00:19]} Bf6 {[%emt 0:00:00]} 15. Rd1 {[%emt 0:00:15]} Qe7 {[%emt 0:00:00]} 16. Bd3 {[%emt 0:00:34]} Bxd3 {[%emt 0:00:00]} 17. Rxd3 {[%emt 0:00:03]} Qe4 {[%emt 0:00:00]} 18. Nxe4 {[%emt 0:00:16]} 1-0

[Event "NSV Open-ch Rapid 2019"]
[Site "Lueneburg"]
[Date "2019.08.03"]
[Round "2.21"]
[White "Kueck, Alexander"]
[Black "Weidenhoefer, Max"]
[Result "0-1"]
[WhiteElo "1374"]
[BlackElo "1805"]
[Annotator "NA RC"]
[PlyCount "32"]
[EventDate "2019.08.03"]
[EventType "swiss"]
[EventCountry "GER"]
[SourceTitle "playchess.com"]
[Source "ChessBase"]
[SourceQuality "1"]
[TimeControl "600+5"]

1. e4 {[%emt 0:00:00]} c6 {[%emt 0:00:00]} 2. d4 {[%emt 0:00:00]} d5 {[%emt 0:00:00]} 3. Nc3 {[%emt 0:00:04]} dxe4 {[%emt 0:00:00]} 4. Nxe4 {[%emt 0:10:16]} Bf5 5. Nc3 {[%emt 0:00:00]} e6 {[%emt 0:00:08]} 6. Nf3 {[%emt 0:00:00]} Nf6 {[%emt 0:00:11]} 7. Bf4 {[%emt 0:00:00]} Nd5 {[%emt 0:00:04]} 8. Bd2 {[%emt 0:00:00]} Nd7 {[%emt 0:00:05]} 9. Bc4 {[%emt 0:00:00]} N7b6 {[%emt 0:00:05]} 10. Qe2 {[%emt 0:00:00]} Bxc2 {[%emt 0:00:07]} 11. O-O {[%emt 0:00:00]} Be7 {[%emt 0:00:05]} 12. Ne1 {[%emt 0:00:00]} Bg6 {[%emt 0:00:09]} 13. Qf3 {[%emt 0:00:00]} Nxc4 {[%emt 0:00:04]} 14. Qe2 {[%emt 0:00:00]} Nxb2 {[%emt 0:00:09]} 15. Be3 {[%emt 0:00:00]} Nxc3 {[%emt 0:10:08]} 16. Rc1 {[%emt 0:00:00]} Nxe2+ {[%emt 0:00:00]} 0-1

[Event "NSV Open-ch Rapid 2019"]
[Site "Lueneburg"]
[Date "2019.08.03"]
[Round "2.22"]
[White "Rothenberg, Jannik"]
[Black "Schubert, Karl Heinz"]
[Result "1-0"]
[WhiteElo "1859"]
[BlackElo "1335"]
[Annotator "NA RC"]
[PlyCount "51"]
[EventDate "2019.08.03"]
[EventType "swiss"]
[EventCountry "GER"]
[SourceTitle "playchess.com"]
[Source "ChessBase"]
[SourceQuality "1"]
[TimeControl "600+5"]

1. d4 {[%emt 0:00:00]} b6 {[%emt 0:00:00]} 2. c4 {[%emt 0:00:01]} d6 {[%emt 0:00:00]} 3. Nc3 {[%emt 0:00:01]} Bb7 {[%emt 0:00:02]} 4. e4 {[%emt 0:00:01]} Nd7 {[%emt 0:00:08]} 5. f4 {[%emt 0:00:04]} e6 {[%emt 0:00:16]} 6. Nf3 {[%emt 0:00:02]} Ngf6 {[%emt 0:00:07]} 7. e5 {[%emt 0:00:10]} dxe5 {[%emt 0:00:06]} 8. fxe5 {[%emt 0:00:06]} Ng4 {[%emt 0:00:23]} 9. h3 {[%emt 0:00:05]} Nh6 {[%emt 0:00:02]} 10. Bxh6 {[%emt 0:00:05]} gxh6 {[%emt 0:00:02]} 11. Be2 {[%emt 0:00:18]} Bb4 {[%emt 0:00:02]} 12. O-O {[%emt 0:00:06]} Rg8 {[%emt 0:00:16]} 13. Qc2 {[%emt 0:00:09]} Qe7 {[%emt 0:00:12]} 14. Ne4 {[%emt 0:00:21]} O-O-O {[%emt 0:00:10]} 15. a3 {[%emt 0:00:07]} f5 {[%emt 0:00:04]} 16. exf6 {[%emt 0:00:12]} Nxf6 {[%emt 0:00:03]} 17. Nxf6 {[%emt 0:00:06]} Qxf6 {[%emt 0:00:03]} 18. axb4 {[%emt 0:00:10]} Rg6 {[%emt 0:00:36]} 19. Rf2 {[%emt 0:01:03]} Rdg8 {[%emt 0:00:12]} 20. Rxa7 {[%emt 0:00:19]} Kb8 {[%emt 0:00:27]} 21. Rxb7+ {[%emt 0:00:02]} Kxb7 {[%emt 0:00:08]} 22. Qe4+ {[%emt 0:00:05]} Kb8 {[%emt 0:00:06]} 23. Ne5 {[%emt 0:00:09]} Qg5 {[%emt 0:00:52]} 24. Nxg6 {[%emt 0:00:35]} Rxg6 {[%emt 0:00:04]} 25. Rf8+ {[%emt 0:00:04]} Ka7 {[%emt 0:00:05]} 26. Ra8# {[%emt 0:07:49]} 1-0

[Event "NSV Open-ch Rapid 2019"]
[Site "Lueneburg"]
[Date "2019.08.03"]
[Round "2.23"]
[White "Harnack, Bernhard"]
[Black "Krueger, Dietrich"]
[Result "1-0"]
[WhiteElo "1712"]
[BlackElo "1243"]
[Annotator "NA RC"]
[PlyCount "51"]
[EventDate "2019.08.03"]
[EventType "swiss"]
[EventCountry "GER"]
[SourceTitle "playchess.com"]
[Source "ChessBase"]
[SourceQuality "1"]
[TimeControl "600+5"]

1. Nf3 {[%emt 0:00:00]} d5 {[%emt 0:00:00]} 2. e3 {[%emt 0:00:04]} Bg4 {[%emt 0:00:00]} 3. h3 {[%emt 0:00:10]} Bh5 {[%emt 0:00:02]} 4. Be2 {[%emt 0:00:34]} Nf6 {[%emt 0:00:08]} 5. Ne5 {[%emt 0:00:13]} Bxe2 {[%emt 0:00:06]} 6. Qxe2 {[%emt 0:00:03]} e6 {[%emt 0:00:17]} 7. O-O {[%emt 0:00:20]} Qd6 {[%emt 0:00:18]} 8. f4 {[%emt 0:00:12]} Nbd7 {[%emt 0:00:10]} 9. d4 {[%emt 0:00:08]} Ne4 {[%emt 0:00:13]} 10. Kh2 {[%emt 0:00:28]} O-O-O {[%emt 0:00:30]} 11. c4 {[%emt 0:00:24]} Qe7 {[%emt 0:00:24]} 12. Nc3 {[%emt 0:00:33]} Nxe5 {[%emt 0:00:31]} 13. fxe5 {[%emt 0:00:41]} Qg5 {[%emt 0:00:41]} 14. Nxe4 {[%emt 0:00:06]} dxe4 {[%emt 0:00:06]} 15. Rxf7 {[%emt 0:00:22]} Be7 {[%emt 0:00:17]} 16. Bd2 {[%emt 0:00:53]} h5 {[%emt 0:00:22]} 17. Raf1 {[%emt 0:00:36]} h4 {[%emt 0:00:10]} 18. R7f4 {[%emt 0:01:18]} Qg3+ {[%emt 0:00:21]} 19. Kh1 {[%emt 0:00:02]} Qg5 {[%emt 0:00:33]} 20. Rxe4 {[%emt 0:00:08]} Rhf8 {[%emt 0:00:14]} 21. Ref4 {[%emt 0:00:15]} Rxf4 {[%emt 0:00:23]} 22. exf4 {[%emt 0:00:10]} Qg6 {[%emt 0:00:23]} 23. Qe3 {[%emt 0:00:39]} Qc2 {[%emt 0:00:26]} 24. Qc3 {[%emt 0:00:32]} Qf5 {[%emt 0:00:17]} 25. Kg1 {[%emt 0:00:34]} g5 {[%emt 0:00:37]} 26. fxg5 {[%emt 0:02:45]} 1-0

[Event "NSV Open-ch Rapid 2019"]
[Site "Lueneburg"]
[Date "2019.08.03"]
[Round "2.24"]
[White "Marzik, Arne"]
[Black "Dralle, Hannes"]
[Result "1-0"]
[WhiteElo "1366"]
[BlackElo "1732"]
[Annotator "NA RC"]
[PlyCount "49"]
[EventDate "2019.08.03"]
[EventType "swiss"]
[EventCountry "GER"]
[SourceTitle "playchess.com"]
[Source "ChessBase"]
[SourceQuality "1"]
[TimeControl "600+5"]

1. d4 {[%emt 0:00:00]} Nf6 {[%emt 0:00:00]} 2. Nf3 {[%emt 0:00:02]} g6 {[%emt 0:00:00]} 3. g3 {[%emt 0:00:01]} Bg7 {[%emt 0:00:00]} 4. Bg2 {[%emt 0:00:01]} O-O {[%emt 0:00:00]} 5. O-O {[%emt 0:00:02]} d6 {[%emt 0:00:08]} 6. c4 {[%emt 0:00:03]} Nbd7 {[%emt 0:00:05]} 7. Nc3 {[%emt 0:00:02]} e5 {[%emt 0:00:21]} 8. e3 {[%emt 0:01:18]} exd4 {[%emt 0:00:31]} 9. exd4 {[%emt 0:00:07]} Nb6 {[%emt 0:00:35]} 10. b3 {[%emt 0:00:39]} c5 {[%emt 0:00:59]} 11. Bg5 {[%emt 0:00:18]} Qc7 {[%emt 0:01:01]} 12. Nb5 {[%emt 0:00:57]} Qd7 {[%emt 0:00:25]} 13. Rc1 {[%emt 0:02:53]} Ne4 {[%emt 0:00:44]} 14. Bf4 {[%emt 0:01:23]} a6 {[%emt 0:00:05]} 15. dxc5 {[%emt 0:00:29]} axb5 {[%emt 0:00:53]} 16. cxb6 {[%emt 0:00:20]} Rxa2 {[%emt 0:00:36]} 17. Nd4 {[%emt 0:00:39]} Nc5 {[%emt 0:02:58]} 18. Nxb5 {[%emt 0:00:43]} Qf5 {[%emt 0:00:46]} 19. Nxd6 {[%emt 0:00:39]} Qd7 {[%emt 0:00:25]} 20. Nxc8 {[%emt 0:00:04]} Qxc8 {[%emt 0:00:01]} 21. Rb1 {[%emt 0:00:34]} Rd8 {[%emt 0:00:05]} 22. Qf3 {[%emt 0:00:07]} Ra3 {[%emt 0:00:23]} 23. Bc7 {[%emt 0:00:04]} Rd3 {[%emt 0:00:08]} 24. Qe2 {[%emt 0:00:25]} Nxb3 {[%emt 0:00:12]} 25. Qxd3 {[%emt 0:00:04]} 1-0

[Event "NSV Open-ch Rapid 2019"]
[Site "Lueneburg"]
[Date "2019.08.03"]
[Round "2.26"]
[White "Kolhoff, Manfred"]
[Black "Aarav Dengla"]
[Result "0-1"]
[WhiteElo "1616"]
[BlackElo "2051"]
[Annotator "NA RC"]
[PlyCount "98"]
[EventDate "2019.08.03"]
[EventType "swiss"]
[EventCountry "GER"]
[SourceTitle "playchess.com"]
[Source "ChessBase"]
[SourceQuality "1"]
[TimeControl "600+5"]

1. e4 {[%emt 0:00:00]} e5 {[%emt 0:00:00]} 2. Nf3 {[%emt 0:00:00]} Nf6 {[%emt 0:00:00]} 3. Nc3 {[%emt 0:00:04]} Bb4 {[%emt 0:00:00]} 4. d3 {[%emt 0:00:28]} d5 {[%emt 0:00:00]} 5. Bd2 {[%emt 0:00:08]} d4 {[%emt 0:00:37]} 6. Ne2 {[%emt 0:00:03]} Bxd2+ {[%emt 0:00:11]} 7. Qxd2 {[%emt 0:00:08]} Nc6 {[%emt 0:00:07]} 8. g3 {[%emt 0:00:04]} h6 {[%emt 0:00:11]} 9. Bg2 {[%emt 0:00:01]} Be6 {[%emt 0:00:04]} 10. O-O {[%emt 0:00:02]} Qd7 {[%emt 0:00:01]} 11. b4 {[%emt 0:00:42]} a6 {[%emt 0:00:46]} 12. a4 {[%emt 0:00:02]} O-O {[%emt 0:00:10]} 13. b5 {[%emt 0:00:01]} axb5 {[%emt 0:00:01]} 14. axb5 {[%emt 0:00:01]} Ne7 {[%emt 0:00:03]} 15. Nxe5 {[%emt 0:00:12]} Qxb5 {[%emt 0:00:02]} 16. f4 {[%emt 0:00:24]} Qb2 {[%emt 0:00:53]} 17. Rab1 {[%emt 0:00:08]} Qa3 {[%emt 0:00:18]} 18. Nxd4 {[%emt 0:00:16]} Qc5 {[%emt 0:00:11]} 19. c3 {[%emt 0:00:35]} Ra2 {[%emt 0:00:08]} 20. Rb2 {[%emt 0:00:19]} Rfa8 {[%emt 0:00:21]} 21. Kh1 {[%emt 0:00:04]} Rxb2 {[%emt 0:01:02]} 22. Qxb2 {[%emt 0:00:04]} b6 {[%emt 0:00:01]} 23. Nxe6 {[%emt 0:00:07]} fxe6 {[%emt 0:00:02]} 24. d4 {[%emt 0:00:48]} Qa3 {[%emt 0:00:20]} 25. Qc2 {[%emt 0:00:24]} Qa2 {[%emt 0:00:14]} 26. Qd3 {[%emt 0:00:17]} Ra3 {[%emt 0:00:57]} 27. Nc4 {[%emt 0:00:50]} Ra4 {[%emt 0:00:37]} 28. Ne5 {[%emt 0:00:07]} Ra3 {[%emt 0:00:04]} 29. Rc1 {[%emt 0:00:26]} Qb2 {[%emt 0:00:10]} 30. Qe3 {[%emt 0:00:25]} Ra1 {[%emt 0:01:02]} 31. Nd3 {[%emt 0:00:05]} Rxc1+ {[%emt 0:00:15]} 32. Qxc1 {[%emt 0:00:04]} Qe2 {[%emt 0:00:15]} 33. e5 {[%emt 0:01:16]} Qxd3 {[%emt 0:00:27]} 34. exf6 {[%emt 0:00:02]} gxf6 {[%emt 0:00:03]} 35. Qe1 {[%emt 0:00:24]} Kf7 {[%emt 0:00:08]} 36. Be4 {[%emt 0:00:11]} Qb5 {[%emt 0:00:11]} 37. h4 {[%emt 0:00:46]} Qh5 {[%emt 0:00:22]} 38. c4 {[%emt 0:00:25]} Qg4 {[%emt 0:00:10]} 39. Bg2 {[%emt 0:00:35]} Nf5 {[%emt 0:00:09]} 40. Kh2 {[%emt 0:00:12]} Nxd4 {[%emt 0:00:01]} 41. Qe4 {[%emt 0:00:35]} Nf5 {[%emt 0:00:18]} 42. Qc6 {[%emt 0:00:09]} Qxg3+ {[%emt 0:00:34]} 43. Kg1 {[%emt 0:00:07]} Qe3+ {[%emt 0:00:04]} 44. Kh2 {[%emt 0:00:04]} Qxf4+ {[%emt 0:00:03]} 45. Kg1 {[%emt 0:00:04]} Qe3+ {[%emt 0:00:01]} 46. Kh2 {[%emt 0:00:01]} Qf4+ {[%emt 0:00:01]} 47. Kg1 {[%emt 0:00:01]} Qd4+ {[%emt 0:00:19]} 48. Kf1 {[%emt 0:00:38]} Qd6 {[%emt 0:00:33]} 49. Qe4 {[%emt 0:00:18]} Ng3+ {[%emt 0:00:02]} 0-1

[Event "NSV Open-ch Rapid 2019"]
[Site "Lueneburg"]
[Date "2019.08.03"]
[Round "3.1"]
[White "Vorobiov, Evgeny E."]
[Black "Ertan, Can"]
[Result "1-0"]
[WhiteElo "2578"]
[BlackElo "2396"]
[Annotator "RC"]
[PlyCount "53"]
[EventDate "2019.08.03"]
[EventType "swiss"]
[EventCountry "GER"]
[SourceTitle "playchess.com"]
[Source "ChessBase"]
[SourceQuality "1"]
[TimeControl "600+5"]

1. d4 {[%emt 0:00:00]} Nf6 {[%emt 0:00:00]} 2. c4 {[%emt 0:00:00]} e6 {[%emt 0:00:00]} 3. Nf3 {[%emt 0:00:00]} b6 {[%emt 0:00:00]} 4. Bf4 {[%emt 0:00:02]} Bb7 {[%emt 0:00:21]} 5. e3 {[%emt 0:00:02]} Bb4+ {[%emt 0:00:26]} 6. Nfd2 {[%emt 0:00:02]} O-O {[%emt 0:00:07]} 7. a3 {[%emt 0:00:08]} Be7 {[%emt 0:00:03]} 8. Nc3 {[%emt 0:00:01]} d5 {[%emt 0:00:01]} 9. cxd5 {[%emt 0:00:09]} Nxd5 {[%emt 0:00:18]} 10. Nxd5 {[%emt 0:00:03]} exd5 {[%emt 0:00:08]} 11. b4 {[%emt 0:01:58]} Nd7 {[%emt 0:00:37]} 12. Bd3 {[%emt 0:00:43]} c5 {[%emt 0:00:01]} 13. bxc5 {[%emt 0:00:31]} bxc5 {[%emt 0:00:01]} 14. Bxh7+ {[%emt 0:01:22]} Kxh7 {[%emt 0:00:36]} 15. Qb1+ {[%emt 0:00:01]} Kg8 {[%emt 0:00:05]} 16. Qxb7 {[%emt 0:00:02]} cxd4 {[%emt 0:00:01]} 17. exd4 {[%emt 0:00:32]} Bf6 {[%emt 0:00:06]} 18. Qxd5 {[%emt 0:01:17]} Re8+ {[%emt 0:00:19]} 19. Be3 {[%emt 0:00:05]} Bg5 {[%emt 0:02:01]} 20. O-O {[%emt 0:00:44]} Rxe3 {[%emt 0:00:02]} 21. fxe3 {[%emt 0:00:16]} Bxe3+ {[%emt 0:00:01]} 22. Kh1 {[%emt 0:00:18]} Bxd2 {[%emt 0:00:02]} 23. Rxf7 {[%emt 0:00:14]} Nb6 {[%emt 0:00:19]} 24. Qe6 {[%emt 0:01:38]} Kh8 {[%emt 0:00:33]} 25. Raf1 {[%emt 0:00:11]} Qd5 {[%emt 0:01:44]} 26. Qg6 {[%emt 0:00:12]} Rg8 {[%emt 0:00:27]} 27. R1f5 {[%emt 0:00:25]} 1-0